ARRUPE JESUIT UNIVERSITY

CORONAVIRUS -STOP THE SPREAD - CLEAN,DISINFECT,COVER

Creating postcolonial literature : (Record no. 127449)

MARC details
000 -LEADER
fixed length control field 02001cam a2200361 i 4500
001 - CONTROL NUMBER
control field 17683725
003 - CONTROL NUMBER IDENTIFIER
control field ARRUPE
005 - DATE AND TIME OF LATEST TRANSACTION
control field 20180119092505.0
008 - FIXED-LENGTH DATA ELEMENTS--GENERAL INFORMATION
fixed length control field 130403s2013 nyua b 001 0 eng
010 ## - LIBRARY OF CONGRESS CONTROL NUMBER
LC control number 2013008160
020 ## - INTERNATIONAL STANDARD BOOK NUMBER
International Standard Book Number 9780230369368
040 ## - CATALOGING SOURCE
Original cataloging agency DLC
Language of cataloging eng
Transcribing agency DLC
Description conventions rda
Modifying agency DLC
042 ## - AUTHENTICATION CODE
Authentication code pcc
043 ## - GEOGRAPHIC AREA CODE
Geographic area code e-uk---
-- f------
050 00 - LIBRARY OF CONGRESS CALL NUMBER
Classification number PR9340.5
Item number .D38 2013
082 00 - DEWEY DECIMAL CLASSIFICATION NUMBER
Classification number 820.9/96
Edition number 23
300 ## - PHYSICAL DESCRIPTION
Dimensions 23 cm
100 1# - MAIN ENTRY--PERSONAL NAME
Personal name Davis, Caroline,
Dates associated with a name 1964-
9 (RLIN) 38730
245 10 - TITLE STATEMENT
Title Creating postcolonial literature :
Remainder of title African writers and British publishers /
Statement of responsibility, etc Caroline Davis.
260 ## - PUBLICATION, DISTRIBUTION, ETC. (IMPRINT)
Place of publication, distribution, etc London
Name of publisher, distributor, etc Palgrave Macmillan
Date of publication, distribution, etc 2013
300 ## - PHYSICAL DESCRIPTION
Extent x, 255 pages :
504 ## - BIBLIOGRAPHY, ETC. NOTE
Bibliography, etc Includes bibliographical references (pages 231-243) and index.
505 0# - FORMATTED CONTENTS NOTE
Formatted contents note Oxford University Press in Africa, 1927-1980 -- The vision for OUP in Africa -- 'The obligation to be profitable': OUP in West Africa -- 'The call to duty': OUP in East Africa -- Publishing under Apartheid: OUP in South Africa -- The Three Crowns Series 1962-1976 -- The history of Three Crowns -- Judging African literature -- Editing Three Crowns -- Publishing Wole Soyinka -- Publishing Athol Fugard.
610 20 - SUBJECT ADDED ENTRY--CORPORATE NAME
Corporate name or jurisdiction name as entry element Oxford University Press
General subdivision History.
9 (RLIN) 38731
650 #0 - SUBJECT ADDED ENTRY--TOPICAL TERM
Topical term or geographic name as entry element African literature (English)
General subdivision Publishing
-- History
Chronological subdivision 20th century.
9 (RLIN) 38732
650 #0 - SUBJECT ADDED ENTRY--TOPICAL TERM
Topical term or geographic name as entry element Publishers and publishing
Geographic subdivision Great Britain
General subdivision History
Chronological subdivision 20th century.
9 (RLIN) 38733
650 #0 - SUBJECT ADDED ENTRY--TOPICAL TERM
Topical term or geographic name as entry element Publishers and publishing
Geographic subdivision Africa
General subdivision History
Chronological subdivision 20th century.
9 (RLIN) 38734
856 42 - ELECTRONIC LOCATION AND ACCESS
Materials specified Publisher description
Uniform Resource Identifier <a href="https://www.loc.gov/catdir/enhancements/fy1609/2013008160-d.html">https://www.loc.gov/catdir/enhancements/fy1609/2013008160-d.html</a>
856 41 - ELECTRONIC LOCATION AND ACCESS
Materials specified Table of contents only
Uniform Resource Identifier <a href="https://www.loc.gov/catdir/enhancements/fy1609/2013008160-t.html">https://www.loc.gov/catdir/enhancements/fy1609/2013008160-t.html</a>
906 ## - LOCAL DATA ELEMENT F, LDF (RLIN)
a 7
b cbc
c orignew
d 1
e ecip
f 20
g y-gencatlg
942 ## - ADDED ENTRY ELEMENTS (KOHA)
Source of classification or shelving scheme Library of Congress Classification
Koha item type Monograph ( Printed materials)
Holdings
Withdrawn status Lost status Source of classification or shelving scheme Damaged status Not for loan Collection code Home library Current library Shelving location Date acquired Total Checkouts Full call number Barcode Date last seen Price effective from Koha item type
    Library of Congress Classification     Main Collection ARRUPE LIBRARY ARRUPE LIBRARY Main Collection 19/01/2018   PR9340.5 .D38 2013 46600000831 19/01/2018 19/01/2018 Monograph ( Printed materials)

 

Arrupe Library. PO Box MP320 Mt Pleasant, Harare, Zimbabwe
263 242 745411|librarian@aju.ac.zw